Guess the lake - Statistics

General Stats
  • This quiz has been taken 42 times
  • The average score is 5 of 7
Answer Stats
Picture Answer % Correct
Lake Michigan
89%
Lake Superior
86%
Caspian Sea
78%
Lake Baikal
75%
Lake Victoria
72%
Lake Erie
69%
Lake Tahoe
14%
No matching quizzes found
Score Distribution
Percent of People with Each Score
Percentile by Number Answered
Your Score History
You have not taken this quiz